000 00350nam a2200133Ia 4500
008 240624s9999 xx 000 0 und d
041 _aeng
082 _a828 SIN
100 _aSINHA K K
245 _aMY EXPERIMENTS WITH UNLEASHING PEOPLE PO
260 _c2014
_aNew Delhi
_bBloomsbury India
300 _axxviii, : 264 : p. : cm. ; 24
365 _cRS
999 _c22429
_d22429